Inside the treasure House (Record no. 1074947)

MARC details
000 -LEADER
fixed length control field 00707nam a2200265Ia 4500
003 - CONTROL NUMBER IDENTIFIER
control field OSt
005 - DATE AND TIME OF LATEST TRANSACTION
control field 20221006142645.0
008 - FIXED-LENGTH DATA ELEMENTS--GENERAL INFORMATION
fixed length control field 221006b |||||||| |||| 00| 0 eng d
037 ## - SOURCE OF ACQUISITION
Terms of availability Textual
040 ## - CATALOGING SOURCE
Original cataloging agency EASL
Transcribing agency EASL
Language of cataloging eng
041 ## - LANGUAGE CODE
Source of code eng
Language code of text/sound track or separate title eng
100 ## - MAIN ENTRY--PERSONAL NAME
Personal name BASS Catrion
9 (RLIN) 648089
245 #0 - TITLE STATEMENT
Title Inside the treasure House
Remainder of title A time in Tibet
260 ## - PUBLICATION, DISTRIBUTION, ETC.
Place of publication, distribution, etc. London
Name of publisher, distributor, etc. Victor Gollanczltd
Date of publication, distribution, etc. 1990
300 ## - PHYSICAL DESCRIPTION
Extent 221p.
Dimensions cm.
490 ## - SERIES STATEMENT
Volume/sequential designation Oth
650 ## - SUBJECT ADDED ENTRY--TOPICAL TERM
Topical term or geographic name entry element Tibat social life
9 (RLIN) 648090
942 ## - ADDED ENTRY ELEMENTS (KOHA)
Classification part Y:1.498.N89, N0
Koha item type Textual
Source of classification or shelving scheme Colon Classification (CC)
Holdings
Withdrawn status Lost status Source of classification or shelving scheme Damaged status Not for loan Home library Current library Date acquired Cost, normal purchase price Serial Enumeration / chronology Total Checkouts Full call number Barcode Date last seen Cost, replacement price Price effective from Koha item type
    Colon Classification (CC)     Department of East Asian Studies Library Department of East Asian Studies Library 2022-10-06 622.05 Oth   Y:1.498.N89 N0 EA1010506 2022-10-06 622.05 2022-10-06 Textual
Copyright @ Delhi University Library System